000 00650cam a2200217 4500
001 3639
005 20181127171647.0
008 860313s1985 njua b 001 0 eng
010 _a 86131421
020 _a0672484943
100 1 _aWood, Patrick H.
245 1 0 _aUNIX system security /
_cPatrick H. Wood and Stephen G. Kochan.
260 _aHasbrouck Heights, N.J. :
_bHayden Book Co.,
_cc1985.
300 _a299 p. :
_bill. ;
_c26 cm.
440 0 _aHayden UNIX system library
500 _aIncludes index.
504 _aBibliography: p. 199-201.
630 0 0 _aUNIX (Computer file)
650 0 _aComputer security.
700 1 _aKochan, Stephen G.
999 _c2965
_d2965